<?xml version="1.0" encoding="UTF-8"?>
<collection xmlns="http://www.loc.gov/MARC21/slim">
 <record>
  <leader>01505nam a2200193Ia 4500</leader>
  <controlfield tag="001">TDMU_22068</controlfield>
  <controlfield tag="008">210410s9999    xx            000 0 und d</controlfield>
  <datafield tag="082" ind1=" " ind2=" ">
   <subfield code="a">780.7</subfield>
  </datafield>
  <datafield tag="090" ind1=" " ind2=" ">
   <subfield code="b">NG527</subfield>
  </datafield>
  <datafield tag="100" ind1=" " ind2=" ">
   <subfield code="a">Nguyễn, Thị Lưu An</subfield>
  </datafield>
  <datafield tag="245" ind1=" " ind2="0">
   <subfield code="a">Nâng cao chất lượng dạy học môn âm nhạc cho học sinh lớp 6 tại thành phố Thủ Dầu Một tỉnh Bình Dương</subfield>
  </datafield>
  <datafield tag="245" ind1=" " ind2="0">
   <subfield code="c">Nguyễn Thị Lưu An; PGS. TS. Phạm Phương Hoa (hướng dẫn)</subfield>
  </datafield>
  <datafield tag="260" ind1=" " ind2=" ">
   <subfield code="a">Huế, 2014</subfield>
  </datafield>
  <datafield tag="300" ind1=" " ind2=" ">
   <subfield code="a">99tr</subfield>
  </datafield>
  <datafield tag="520" ind1=" " ind2=" ">
   <subfield code="a">Chuyên ngành: Lý luận và phương pháp dạy học âm nhạc; Mã số: 60.14.01.11; TM tài liệu tham khảo và phụ lục sau phần kết luận; Luận văn Thạc sĩ học viện âm nhạc quốc gia Việt Nam. Học viện âm nhạc Huế, 2014; Luận văn khái quát thực trạng giảng dạy môn âm nhạc lớp 6 ở thành phố Thủ Dầu Một tỉnh Bình Dương. Trên cơ sở đó đề xuất các giải pháp nâng cao chất lượng giảng dạy môn âm nhạc cho học sinh lớp 6.</subfield>
  </datafield>
  <datafield tag="650" ind1=" " ind2=" ">
   <subfield code="a">Luận văn; Âm nhạc</subfield>
   <subfield code="x">Dạy và học</subfield>
   <subfield code="z">Thủ Dầu Một (Bình Dương); Phương pháp giảng dạy</subfield>
   <subfield code="x">Âm nhạc lớp 6</subfield>
  </datafield>
  <datafield tag="700" ind1=" " ind2=" ">
   <subfield code="a">Phạm Phương Hoa</subfield>
  </datafield>
  <datafield tag="856" ind1=" " ind2=" ">
   <subfield code="u">http://lrc.tdmu.edu.vn/opac/search/detail.asp?aID=2&amp;ID=22068</subfield>
  </datafield>
  <datafield tag="980" ind1=" " ind2=" ">
   <subfield code="a">Trung tâm Học liệu Trường Đại học Thủ Dầu Một</subfield>
  </datafield>
 </record>
</collection>
